Detalles MARC
| 000 -LIDER |
| fixed length control field |
03667nam a2200301 a 4500 |
| 001 - NÚMERO DE CONTROL |
| Identificador de número de control |
000000220 |
| 003 - IDENTIFICACDOR DE NÚMERO DE CONTROL |
| control field |
DO-SdBNP |
| 005 - DATE AND TIME OF LATEST TRANSACTION |
| control field |
20180406113300.0 |
| 008 - ELEMENTOS DE LONGITUD FIJA |
| fixed length control field |
081127s2005 dr 000 0 spa d |
| 020 ## - ISBN |
| International Standard Book Number |
9789945406290 |
| 020 ## - ISBN |
| International Standard Book Number |
|
| 040 ## - FUENTE DE CATALOGACIÓN |
| Agencia que crea de manera original el registro |
BPMSU |
| Idioma de catalogación |
spa |
| Agencia que realiza la transcripción |
BPMSU |
| 082 ## - NÚMERO DE CLASIFICACIÓN DECIMAL DE DEWEY |
| Classification number |
320.1 |
| Item number |
B742e, 2005 |
| 100 1# - ASIENTO PRINCIPAL -- NOMBRE PERSONAL |
| Nombre personal |
Bosch, Juan, |
| Fechas asociadas con el nombre |
1909-2001 |
| 245 13 - MENCIÓN DE TITULO |
| Título |
El estado : |
| Subtítulo |
sus orígenes y desarrollo / |
| Mención de responsabilidad |
Juan Bosch. |
| 250 ## - MENCIÓN DE EDICION |
| Mención de edición |
4a ed. |
| 260 ## - PUBLICACIÓN, DISTRIBUCIÓN, ETC. (PIE DE IMPRENTA) |
| Lugar de publicación, distribución, etc |
Santo Domingo : |
| Nombre del editor, distribuidor, etc. |
Alfa & Omega, |
| Fecha de publicación, distribución, etc |
2005 |
| 300 ## - DESCRIPCIÓN FÍSICA |
| Extensión |
315 p. ; |
| Dimensiones |
21 cm. |
| 504 ## - NOTA DE BIBLIOGRAFÍA, ETC. |
| Bibliography, etc |
Bibliografía: 309-312 |
| 505 0# - NOTA DE CONTENIDO |
| Título |
La palabra estado y su doble significación -- |
| -- |
Patria no significa estado -- |
| -- |
¿Qué son los estados anómalos? -- |
| -- |
Las principales ciudades-estados de la historia -- |
| -- |
Atenas: la ciudad-estado modelo -- |
| -- |
Roma, el estado más poderoso de la antigüedad -- |
| -- |
Forma en que se organizó el Estado Romano -- |
| -- |
El Imperio Romano: su extensión en Europa y en Medio Oriente -- |
| -- |
Un nuevo Estado: el feudal -- El Estado feudal: su organización y extensión -- |
| -- |
El Estado visigodo y el Estado musulmán en España -- |
| -- |
Los califas en el Estado musulmán -- |
| -- |
Córdoba, el centro de poder de los Califas Omeyas -- |
| -- |
La compleja organización de Al-Andalus -- |
| -- |
En el Al-Andalus el jefe religioso era superior al jefe político -- |
| -- |
España estaba dividida en dos reinos: el de Castilla y el de Aragón -- |
| -- |
La inquisición en España, elemento importante del Estado -- |
| -- |
El pueblo Maya se organizó en ciudades-Estado -- |
| -- |
El Imperio Azteca y los reinos que lo formaban -- |
| -- |
Cómo estaba organizado el imperio Azteca -- |
| -- |
Más detalles de como funcionaban los reinos Aztecas -- |
| -- |
El Estado incaico fue el más poderoso de la América prehispánica -- |
| -- |
Cómo estaba organizada la sociedad incaica -- |
| -- |
Actividad militar y funcionamiento de la justicia en el Estado inca -- |
| -- |
El papel del emperador en la sociedad incaica -- |
| -- |
Las diferencias entre los estados prehispánicos y los de Europa -- |
| -- |
Richelieu y Mazarino, cogestionarios del estado que encabezó Luis XIV -- |
| -- |
Cómo organizó Luis XIV el Estado Francés -- |
| -- |
Estados Unidos: el primer Estado libre de influencias feudales -- |
| -- |
El primer estado organizado como república que conoció la humanidad -- |
| -- |
EE.UU.: el primer Estado capitalista conocido en la historia -- |
| -- |
En los EE.UU. hay dos poderes elegidos por el pueblo: el ejecutivo y el legislativo -- |
| -- |
La Revolución Francesa no organizó el Estado Republicano |
| 505 0# - NOTA DE CONTENIDO |
| Título |
El Estado imperial Francés provocó revoluciones coloniales en el Caribe -- |
| -- |
Imperio, monarquía y república en Haití -- |
| -- |
De nuevo república y monarquía en Haití -- |
| -- |
De las guerras iberoaméricanas a la creación de repúblicas e imperios -- |
| -- |
La monarquía portuguesa en Brasil transformada en imperio -- |
| -- |
Efectos de la política imperial napoleónica en España, Portugal , México y Brasil -- |
| -- |
Del imperio de Iturbide en México al fusilamiento de Maximiliano de Habsburgo -- |
| -- |
Del asesinato de Francisco Fernando de Habsburgo a la revolución rusa -- |
| -- |
La Constitución Rusa de 1918 fue sustituida por la de 1936 -- |
| -- |
La Constitución de 1936 creó la Unión de Repúblicas Socialistas Soviéticas -- |
| -- |
Orígenes del Estado pontificio o papal -- |
| -- |
Los variados estados que funcionaron en Italia -- |
| -- |
De la creación del fascismo al estado totalitario -- |
| -- |
El Vaticano: Estado anómalo -- |
| -- |
Orígenes del Estado Alemán -- |
| -- |
Consecuencias de la derrota alemana en la primera Guerra Mundial -- |
| -- |
Breve historia del Estado Nazi. |
| 650 #4 - ENCABEZAMIENTO DE MATERIA--TEMÁTICO |
| Término temático o nombre geográfico como elemento de entrada |
ESTADO |
| 650 #4 - ENCABEZAMIENTO DE MATERIA--TEMÁTICO |
| Término temático o nombre geográfico como elemento de entrada |
CIENCIA POLÍTICA |
| Subdivisión temática general |
HISTORIA |
| 910 ## - VALIDACIÓN |
| Validación |
|
| 942 ## - ADDED ENTRY ELEMENTS (KOHA) |
| Source of classification or shelving scheme |
Dewey Decimal Classification |
| Koha item type |
Libros |
| 945 ## - INFORMACIÓN DE PROCESAMIENTO LOCAL |
| Información de procesamiento local |
Remanejado para la BNPHU, 2018 / VM |
| 956 ## - LOCAL ELECTRONIC LOCATION AND ACCESS (OCLC) |
| Nombre de host |
VMATEO |
| Número de acceso |
10 |
| Información de compresión |
20170216 |
| Inicio de sesión |
BPMSU |
| Procesador de solicitud |
0069 |